00560nam a22001817a 450000500170000001000150001702000260003203500140005803700130007208200110008510000220009624500830011825000060020126000500020727000710025730000210032870000290034920240318165307.0 aENG-139763 a9789354424007c625.00 aEN-123295 bDBAD/PUB a88021 aSundaram, Neeraja aEnglish Romantic Literature/cBy Neeraja Sundaram and Edited By Pramod K Nayar a1 aHyderabadbOrient Blackswan Private Ltdc2023 a3-6-752, Himayatnagar bHyderabade500029minfo@orintblackswan.com a262p.c23cm(pbk) aNayar, Pramod K eEditor